000 00854nam a2200241 a 4500
001 000046923
005 20201002053219.0
008 180406s2015 dr a r 000 0 spa d
020 _a9789945595192
040 _aDO-SdBNP
_bspa
_cBNPHU
082 _axxxx
_bP343e 1ro.
100 1 _aPayán Velez, Carolina
_974849
245 1 0 _aEducación artística 1 :
_bprimer grado, primer ciclo ; educación primaria /
_cCarolina Payán Velez, Verónica Veloz ; colaboración Adalgisa Velez ; ilustración Ramón Sandoval.
260 _aSanto Domingo :
_bActualidad,
_c2015.
300 _a112 p. :
_bil. ;
_c22 cm.
490 _aVeraz
504 _aBibliografía : p. 128
590 _aInventariado, 2018/BT
700 1 _aVeloz, Verónica
_974850
700 1 _aVelez, Adalgisa,
_ecol.
_974851
700 1 _aSandoval, Ramón,
_eil.
_910955
830 0 _aVeraz
_974848
999 _c46411
_d46411